[Event "Karlsruhe Grenke op"]
[Site "Karlsruhe"]
[Date "2024.03.28"]
[Round "1"]
[White "Stijve, Niels"]
[Black "Kozul, Zdenko"]
[Result "0-1"]
[WhiteElo "2115"]
[BlackElo "2529"]
[PlyCount "74"]
[EventDate "2024.03.28"]
[EventType "swiss"]
[EventRounds "9"]
[EventCountry "GER"]
[SourceTitle "CB14_2024"]
[SourceDate "2024.04.01"]
[SourceVersion "1"]
[SourceVersionDate "2024.04.01"]
[SourceQuality "1"]

1. e4 c5 2. Nf3 d6 3. d4 cxd4 4. Nxd4 Nf6 5. Nc3 Nc6 6. f3 e5 7. Nb3 Be7 8. Be3 Be6 9. Qd2 d5 10. exd5 Nxd5 11. Nxd5 Qxd5 12. 0-0-0 Qxd2+ 13. Rxd2 Rc8 14. Bb5 Ra8 15. Bf1 Rc8 16. Bb5 0-0 17. Rhd1 b6 18. Kb1 h5 19. Nc1 Rc7 20. Ne2 Rfc8 21. a3 Na5 22. Bd7 Nc4 23. Bxc8 Nxd2+ 24. Rxd2 Rxc8 25. Ng3 f5 26. f4 Rc4 27. Ne2 Re4 28. Bf2 exf4 29. Nc3 Re5 30. h4 Kf7 31. Rd3 g5 32. hxg5 Bxg5 33. b4 Bc4 34. Rd6 Bf1 35. g3 fxg3 36. Bxg3 Re3 37. Rd7+ Ke8 0-1

[Event "EU-ch Rapid"]
[Site "Zagreb"]
[Date "2023.12.14"]
[Round "6"]
[White "Reprintsev, Alexander"]
[Black "Kozul, Zdenko"]
[Result "0-1"]
[WhiteElo "2239"]
[BlackElo "2532"]
[PlyCount "89"]
[EventDate "2023.12.14"]
[EventType "swiss (rapid)"]
[EventRounds "11"]
[EventCountry "CRO"]
[SourceTitle "CB51_2023"]
[SourceDate "2023.12.20"]
[SourceVersion "1"]
[SourceVersionDate "2023.12.20"]
[SourceQuality "1"]

1. e4 c5 2. b3 Nf6 3. e5 Nd5 4. Nc3 Nc7 5. d4 cxd4 6. Qxd4 Nc6 7. Qe3 d5 8. exd6 Qxd6 9. Bd2 Bf5 10. 0-0-0 Qa3+ 11. Kb1 Nb4 12. Rc1 e6 13. Qe5 Rc8 14. Bb5+ Nxb5 15. Qxb5+ Rc6 16. Nge2 Bc5 17. Qa4 Qxa4 18. Nxa4 Nxc2 19. Rxc2 Bxf2 20. Nac3 0-0 21. Rf1 Bxc2+ 22. Kxc2 Bb6 23. Rf3 Rd8 24. Be3 Bxe3 25. Rxe3 f5 26. Nf4 Kf7 27. b4 Kf6 28. b5 Rcd6 29. Rd3 Rxd3 30. Nxd3 e5 31. Nc5 b6 32. Nd3 e4 33. Nb4 Rd7 34. Nc6 e3 35. a4 f4 36. h4 Rd2+ 37. Kb3 e2 38. Nxe2 Rxe2 39. Nxa7 Rxg2 40. a5 f3 41. axb6 f2 42. b7 f1Q 43. b8Q Qb1+ 44. Kc4 Rc2+ 45. Kd3 0-1

[Event "EU-ch Rapid"]
[Site "Zagreb"]
[Date "2023.12.14"]
[Round "2"]
[White "Ribeiro, Gustavo"]
[Black "Kozul, Zdenko"]
[Result "0-1"]
[WhiteElo "2187"]
[BlackElo "2532"]
[PlyCount "44"]
[EventDate "2023.12.14"]
[EventType "swiss (rapid)"]
[EventRounds "11"]
[EventCountry "CRO"]
[SourceTitle "CB51_2023"]
[SourceDate "2023.12.20"]
[SourceVersion "1"]
[SourceVersionDate "2023.12.20"]
[SourceQuality "1"]

1. e4 c5 2. Nf3 d6 3. Bb5+ Bd7 4. a4 Nf6 5. Nc3 Nc6 6. 0-0 a6 7. Be2 g6 8. d4 cxd4 9. Nxd4 Bg7 10. Be3 0-0 11. Qd2 Rc8 12. f3 Ne5 13. b3 e6 14. a5 Qc7 15. Na4 Bxa4 16. Rxa4 d5 17. exd5 Nxd5 18. Bf2 Nc3 19. Rb4 Rfd8 20. f4 Nc6 21. Rc4 Bxd4 22. Bxd4 Nxe2+ 0-1

[Event "CRO-ch"]
[Site "Zagreb"]
[Date "2023.12.09"]
[Round "7"]
[White "Kozul, Zdenko"]
[Black "Kovacevic, Blazimir"]
[Result "1-0"]
[WhiteElo "2532"]
[BlackElo "2400"]
[PlyCount "75"]
[EventDate "2023.12.05"]
[EventType "tourn"]
[EventRounds "11"]
[EventCountry "CRO"]
[EventCategory "9"]
[SourceTitle "CB51_2023"]
[SourceDate "2023.12.20"]
[SourceVersion "1"]
[SourceVersionDate "2023.12.20"]
[SourceQuality "1"]

1. d4 e6 2. c4 f5 3. g3 Nf6 4. Bg2 Be7 5. Nf3 0-0 6. 0-0 d5 7. Nc3 c6 8. Bf4 Ne4 9. h4 Nd7 10. Rc1 Nd6 11. Bxd6 Bxd6 12. e3 Qe7 13. Ne2 dxc4 14. Nd2 e5 15. Nxc4 e4 16. Qb3 Kh8 17. Nxd6 Qxd6 18. Nf4 Nf6 19. Rc3 b6 20. Rfc1 Bd7 21. Bf1 Rfe8 22. h5 Re7 23. Bh3 Ne8 24. Qc2 Rd8 25. Qa4 a5 26. Rxc6 Bxc6 27. Rxc6 Qd7 28. Qb5 Rc8 29. Rxb6 Qxb5 30. Rxb5 Nd6 31. Rxa5 Kg8 32. b3 Rc1+ 33. Kg2 Rec7 34. Bxf5 Nxf5 35. Rxf5 R1c2 36. a4 Rb7 37. Ne6 Rb8 38. Nc5 1-0

[Event "CRO-ch"]
[Site "Zagreb"]
[Date "2023.12.06"]
[Round "3"]
[White "Kozul, Zdenko"]
[Black "Rogic, Davor"]
[Result "1/2-1/2"]
[WhiteElo "2532"]
[BlackElo "2431"]
[PlyCount "77"]
[EventDate "2023.12.05"]
[EventType "tourn"]
[EventRounds "11"]
[EventCountry "CRO"]
[EventCategory "9"]
[SourceTitle "CB51_2023"]
[SourceDate "2023.12.20"]
[SourceVersion "1"]
[SourceVersionDate "2023.12.20"]
[SourceQuality "1"]

1. d4 d5 2. c4 c6 3. Nf3 Nf6 4. e3 Bf5 5. Nc3 e6 6. Nh4 Bg6 7. Nxg6 hxg6 8. g3 Nbd7 9. Bg2 Be7 10. Qe2 0-0 11. 0-0 Qc7 12. Rd1 Rad8 13. Bd2 Rfe8 14. Be1 Qb8 15. b3 g5 16. h3 a6 17. a4 Nf8 18. Rab1 Ng6 19. b4 Qc8 20. b5 axb5 21. axb5 Bf8 22. Na4 e5 23. Ba5 Rd6 24. c5 Rde6 25. Nb6 Qd8 26. bxc6 bxc6 27. Qa6 exd4 28. exd4 Ne4 29. Ra1 f5 30. Be1 g4 31. hxg4 fxg4 32. Bd2 Qf6 33. Be3 Qf5 34. Qd3 Qh5 35. Ra8 R8e7 36. Nc8 Re8 37. Nb6 R8e7 38. Nc8 Re8 39. Nb6 1/2-1/2

[Event "AUT-chT2M 2324"]
[Site "Austria"]
[Date "2023.11.03"]
[Round "1.1"]
[White "Markoja, Boris"]
[Black "Kozul, Zdenko"]
[Result "1/2-1/2"]
[WhiteElo "2466"]
[BlackElo "2531"]
[PlyCount "62"]
[EventDate "2023.11.03"]
[EventType "team-tourn"]
[EventRounds "11"]
[EventCountry "AUT"]
[SourceTitle "CB46_2023"]
[SourceDate "2023.11.15"]
[SourceVersion "1"]
[SourceVersionDate "2023.11.15"]
[SourceQuality "1"]
[WhiteTeam "Gamlitz"]
[BlackTeam "Frauental"]
[WhiteTeamCountry "AUT"]
[BlackTeamCountry "AUT"]

1. d4 Nf6 2. c4 g6 3. g3 c6 4. Bg2 d5 5. Nf3 Bg7 6. 0-0 0-0 7. Ne5 dxc4 8. Nxc4 Be6 9. Ne5 Nbd7 10. Nf3 Bd5 11. Nc3 Qb6 12. Qd3 Bxf3 13. Bxf3 Rfd8 14. Be3 Qxb2 15. Rab1 Qa3 16. Qc4 Nb6 17. Qc5 Qxc5 18. dxc5 Nc4 19. Rxb7 Nxe3 20. fxe3 Kf8 21. Rc1 Bh6 22. Kf2 e6 23. Rcb1 Rdc8 24. Ne4 Nxe4+ 25. Bxe4 Kg8 26. Rd1 Bf8 27. Rdd7 Bxc5 28. Rxf7 Rf8 29. Rxf8+ Rxf8+ 30. Ke1 Bxe3 31. Bxc6 Rc8 1/2-1/2

[Event "FIDE World Cup"]
[Site "Baku"]
[Date "2023.08.01"]
[Round "1.4"]
[White "Kozul, Zdenko"]
[Black "Sanal, Vahap"]
[Result "1-0"]
[WhiteElo "2532"]
[BlackElo "2585"]
[PlyCount "83"]
[EventDate "2023.07.30"]
[EventType "k.o."]
[EventRounds "8"]
[EventCountry "AZE"]
[SourceTitle "EXT 2024"]
[Source "ChessBase"]
[SourceDate "2023.10.10"]
[SourceVersion "1"]
[SourceVersionDate "2023.10.10"]
[SourceQuality "1"]

1. Nf3 d5 2. g3 g6 3. Bg2 Bg7 4. d4 Nf6 5. 0-0 0-0 6. c3 c6 7. Nbd2 Nbd7 8. Re1 c5 9. a4 a5 10. Nb3 b6 11. Ne5 Bb7 12. Bg5 Nxe5 13. dxe5 Ng4 14. e4 Nxe5 15. exd5 Re8 16. Bf4 Nc4 17. Nd2 Nd6 18. Qb3 Ba6 19. Bf1 Bxf1 20. Kxf1 Rc8 21. Bxd6 Qxd6 22. Rad1 Rb8 23. Nc4 Qd7 24. Qb5 Qxb5 25. axb5 Bf8 26. f4 Red8 27. Kf2 Rb7 28. Kf3 Bg7 29. g4 Kf8 30. g5 Rbd7 31. h4 h5 32. Rd2 Rb8 33. Ke4 Rbd8 34. Red1 Rb8 35. f5 Ke8 36. fxg6 fxg6 37. Re1 Rbd8 38. Rf1 Rb8 39. Rdf2 e6 40. dxe6 Re7 41. Nd6+ Kd8 42. Kd5 1-0

[Event "FIDE World Cup"]
[Site "Baku"]
[Date "2023.08.01"]
[Round "1.3"]
[White "Sanal, Vahap"]
[Black "Kozul, Zdenko"]
[Result "1-0"]
[WhiteElo "2585"]
[BlackElo "2532"]
[PlyCount "67"]
[EventDate "2023.07.30"]
[EventType "k.o."]
[EventRounds "8"]
[EventCountry "AZE"]
[SourceTitle "EXT 2024"]
[Source "ChessBase"]
[SourceDate "2023.10.10"]
[SourceVersion "1"]
[SourceVersionDate "2023.10.10"]
[SourceQuality "1"]

1. e4 c5 2. Nf3 d6 3. d4 cxd4 4. Nxd4 Nf6 5. Nc3 Nc6 6. Bg5 e6 7. Qd2 a6 8. 0-0-0 Bd7 9. f4 b5 10. Kb1 b4 11. Bxf6 gxf6 12. Nce2 Qb6 13. Nxc6 Bxc6 14. f5 e5 15. Ng3 h5 16. h4 Qc5 17. Bd3 a5 18. Qe2 a4 19. Nxh5 Ke7 20. g4 Rxh5 21. gxh5 Bh6 22. Bc4 Rg8 23. Bd5 Bb5 24. Qf3 Rg7 25. c4 Bxc4 26. Bxc4 Qxc4 27. Qd3 Qxd3+ 28. Rxd3 Rg4 29. Rhd1 Rxh4 30. Rxd6 Be3 31. Rd7+ Kf8 32. Rb7 Bd4 33. Rxb4 Rxe4 34. Rh1 1-0

[Event "FIDE World Cup"]
[Site "Baku"]
[Date "2023.08.01"]
[Round "1.7"]
[White "Sanal, Vahap"]
[Black "Kozul, Zdenko"]
[Result "1-0"]
[WhiteElo "2585"]
[BlackElo "2532"]
[PlyCount "77"]
[EventDate "2023.07.30"]
[EventType "k.o."]
[EventRounds "8"]
[EventCountry "AZE"]
[SourceTitle "EXT 2024"]
[Source "ChessBase"]
[SourceDate "2023.10.10"]
[SourceVersion "1"]
[SourceVersionDate "2023.10.10"]
[SourceQuality "1"]

1. e4 c5 2. Nf3 d6 3. d4 cxd4 4. Nxd4 Nf6 5. Nc3 Nc6 6. Bg5 e6 7. Qd2 Qb6 8. Nb3 a6 9. 0-0-0 Be7 10. f3 0-0 11. h4 Qc7 12. h5 h6 13. Bf4 Ne5 14. Kb1 b5 15. Ne2 Nc4 16. Qc1 e5 17. Bg3 Be6 18. Bh4 a5 19. g4 a4 20. Na1 d5 21. g5 hxg5 22. Qxg5 Rfe8 23. h6 g6 24. h7+ Nxh7 25. Qh6 Bf8 26. Qxh7+ Kxh7 27. Bd8+ Kg8 28. Bxc7 dxe4 29. Nc3 Ne3 30. Re1 Nxf1 31. Rexf1 Bc4 32. Nxe4 Bxf1 33. Nf6+ Kg7 34. Nxe8+ Rxe8 35. Rxf1 f5 36. c3 Kf6 37. Nc2 Bc5 38. Rd1 Ke6 39. Nb4 1-0

[Event "FIDE World Cup"]
[Site "Baku"]
[Date "2023.07.31"]
[Round "1.2"]
[White "Sanal, Vahap"]
[Black "Kozul, Zdenko"]
[Result "0-1"]
[WhiteElo "2585"]
[BlackElo "2532"]
[PlyCount "70"]
[EventDate "2023.07.30"]
[EventType "k.o."]
[EventRounds "8"]
[EventCountry "AZE"]
[SourceTitle "EXT 2024"]
[Source "ChessBase"]
[SourceDate "2023.10.10"]
[SourceVersion "1"]
[SourceVersionDate "2023.10.10"]
[SourceQuality "1"]

1. e4 c5 2. Nf3 d6 3. d4 cxd4 4. Nxd4 Nf6 5. Nc3 a6 6. Bg5 Nbd7 7. Qe2 Qc7 8. 0-0-0 h6 9. Bxf6 Nxf6 10. e5 dxe5 11. Ndb5 axb5 12. Nxb5 Qb8 13. Qc4 Bd7 14. Nc7+ Kd8 15. Nxa8 Qxa8 16. Qxf7 Kc7 17. Rxd7+ Nxd7 18. Bb5 Nf6 19. Qc4+ Kb8 20. Qc3 Qxa2 21. Qxe5+ Ka8 22. Rd1 Qa1+ 23. Kd2 Qa5+ 24. Ke2 e6 25. c4 Bb4 26. Qxe6 Rd8 27. g3 Rxd1 28. Kxd1 Qd8+ 29. Kc2 Bc5 30. f4 Qd4 31. Bc6 Kb8 32. Bf3 Qf2+ 33. Be2 Qe3 34. Qxe3 Bxe3 35. f5 Kc7 0-1

[Event "HUN-ch Rapid"]
[Site "Ajka"]
[Date "2023.07.23"]
[Round "12"]
[White "Kozul, Zdenko"]
[Black "Haszon, David"]
[Result "1-0"]
[WhiteElo "2532"]
[BlackElo "2250"]
[PlyCount "73"]
[EventDate "2023.07.21"]
[EventType "swiss (rapid)"]
[EventRounds "13"]
[EventCountry "HUN"]
[SourceTitle "CBM 215 Extra"]
[Source "ChessBase"]
[SourceDate "2023.09.30"]
[SourceVersion "1"]
[SourceVersionDate "2023.09.30"]
[SourceQuality "1"]

1. d4 Nf6 2. Nf3 e6 3. c4 d5 4. g3 Be7 5. Bg2 0-0 6. 0-0 c6 7. Qc2 Nbd7 8. Nbd2 b5 9. c5 Qc7 10. e4 e5 11. exd5 Nxd5 12. Nb3 Bf6 13. Re1 a5 14. dxe5 Nxe5 15. Nxe5 Bxe5 16. Bxd5 cxd5 17. Be3 Bb7 18. Bd4 Rfe8 19. c6 Ba6 20. Bxe5 Rxe5 21. Nd4 Rae8 22. Qd2 h5 23. a3 Re4 24. f3 Rxe1+ 25. Rxe1 Rxe1+ 26. Qxe1 h4 27. Qe8+ Kh7 28. Qd7 Qb6 29. Qf5+ Kg8 30. Qxd5 b4 31. Kg2 bxa3 32. bxa3 Qb2+ 33. Kh3 Bf1+ 34. Kg4 hxg3 35. hxg3 Qxa3 36. c7 Ba6 37. Qa8+ 1-0

[Event "HUN-ch Rapid"]
[Site "Ajka"]
[Date "2023.07.21"]
[Round "2"]
[White "Kozul, Zdenko"]
[Black "Dombai, Istvan"]
[Result "1-0"]
[WhiteElo "2532"]
[BlackElo "2168"]
[PlyCount "43"]
[EventDate "2023.07.21"]
[EventType "swiss (rapid)"]
[EventRounds "13"]
[EventCountry "HUN"]
[SourceTitle "CBM 215 Extra"]
[Source "ChessBase"]
[SourceDate "2023.09.30"]
[SourceVersion "1"]
[SourceVersionDate "2023.09.30"]
[SourceQuality "1"]

1. d4 Nf6 2. c4 g6 3. Nc3 Bg7 4. e4 d6 5. h3 0-0 6. Be3 e5 7. d5 c6 8. Nf3 cxd5 9. cxd5 a6 10. Nd2 Nbd7 11. a4 Kh8 12. Nc4 Ne8 13. a5 f5 14. Be2 f4 15. Bb6 Qh4 16. Bf3 Ndf6 17. Bd8 Rf7 18. Nb6 Rb8 19. Qa4 Bf8 20. Qxe8 Nxe8 21. Bxh4 h6 22. Bg4 1-0

[Event "HUN-chT 2223"]
[Site "Hungary"]
[Date "2023.02.12"]
[Round "5.1"]
[White "Kozul, Zdenko"]
[Black "Kozak, Adam"]
[Result "1/2-1/2"]
[WhiteElo "2539"]
[BlackElo "2538"]
[PlyCount "60"]
[EventDate "2022.11.20"]
[EventType "team-tourn"]
[EventRounds "9"]
[EventCountry "HUN"]
[SourceTitle "CBM 213 Extra"]
[Source "ChessBase"]
[SourceDate "2023.05.31"]
[SourceVersion "1"]
[SourceVersionDate "2023.05.31"]
[SourceQuality "1"]
[WhiteTeam "Haladas"]
[BlackTeam "Paks"]
[WhiteTeamCountry "HUN"]
[BlackTeamCountry "HUN"]

1. d4 Nf6 2. c4 e6 3. g3 d5 4. Bg2 Be7 5. Nf3 0-0 6. 0-0 c6 7. Qc2 b6 8. Nbd2 Nbd7 9. e4 a5 10. e5 Ne8 11. cxd5 cxd5 12. Re1 Ba6 13. Bf1 Rc8 14. Qa4 Nc7 15. Bxa6 Nxa6 16. a3 Ndb8 17. Nf1 Qd7 18. Qd1 a4 19. Bg5 Bxg5 20. Nxg5 h6 21. Nh3 b5 22. Nf4 Nc6 23. Nh5 Ne7 24. Ne3 Nc7 25. Rc1 Rfd8 26. Qg4 Ne8 27. Nf4 Rxc1 28. Rxc1 Rc8 29. Rxc8 Nxc8 30. Qe2 Ne7 1/2-1/2

[Event "HUN-chT 2223"]
[Site "Hungary"]
[Date "2023.01.15"]
[Round "7.1"]
[White "Kozul, Zdenko"]
[Black "Mazur, Stefan"]
[Result "1-0"]
[WhiteElo "2539"]
[BlackElo "2423"]
[PlyCount "79"]
[EventDate "2022.11.20"]
[EventType "team-tourn"]
[EventRounds "9"]
[EventCountry "HUN"]
[SourceTitle "CBM 213 Extra"]
[Source "ChessBase"]
[SourceDate "2023.05.31"]
[SourceVersion "1"]
[SourceVersionDate "2023.05.31"]
[SourceQuality "1"]
[WhiteTeam "Haladas"]
[BlackTeam "Biatorbagy"]
[WhiteTeamCountry "HUN"]
[BlackTeamCountry "HUN"]

1. d4 d5 2. c4 e5 3. dxe5 Ne7 4. cxd5 Qxd5 5. Qxd5 Nxd5 6. a3 Nc6 7. Nf3 h6 8. e4 Nb6 9. Bb5 Bd7 10. Nc3 0-0-0 11. Be3 g5 12. Nd5 g4 13. Nxb6+ axb6 14. Nh4 Nxe5 15. Bxd7+ Rxd7 16. Nf5 Bc5 17. Ke2 Bxe3 18. Nxe3 Rd4 19. f3 gxf3+ 20. gxf3 Nc4 21. Nxc4 Rxc4 22. Rac1 Rxc1 23. Rxc1 Rg8 24. Kf2 Rg5 25. Rd1 Rh5 26. Kg3 Rg5+ 27. Kf4 Rg2 28. Kf5 Rg6 29. e5 b5 30. f4 Rb6 31. Rd4 Rg6 32. h3 h5 33. Rd5 h4 34. Rxb5 c6 35. Rb3 Rg3 36. Rc3 Kd7 37. Kf6 Ke8 38. f5 Kf8 39. a4 Ke8 40. a5 1-0

[Event "CRO-ch"]
[Site "Split"]
[Date "2022.12.08"]
[Round "10"]
[White "Kozul, Zdenko"]
[Black "Kurajica, Bojan"]
[Result "1/2-1/2"]
[WhiteElo "2539"]
[BlackElo "2487"]
[PlyCount "99"]
[EventDate "2022.11.29"]
[EventType "tourn"]
[EventRounds "11"]
[EventCountry "CRO"]
[EventCategory "12"]
[SourceTitle "CBM 211 Extra"]
[Source "ChessBase"]
[SourceDate "2023.01.31"]
[SourceVersion "1"]
[SourceVersionDate "2023.01.31"]
[SourceQuality "1"]

1. d4 d5 2. c4 Nc6 3. Nc3 dxc4 4. d5 Ne5 5. f4 Nd7 6. e4 Nb6 7. a4 a5 8. Be3 e6 9. Bxb6 cxb6 10. Bxc4 Bc5 11. dxe6 Bxe6 12. Bxe6 fxe6 13. Qb3 Qd4 14. Qxe6+ Ne7 15. Nge2 Qf2+ 16. Kd2 Rd8+ 17. Kc2 Rd6 18. Qh3 Rg6 19. g4 Bb4 20. Rhf1 Qc5 21. f5 Rh6 22. Qg3 Nc6 23. Rad1 Qe5 24. Rh1 Qxg3 25. hxg3 Rxh1 26. Rxh1 Ne5 27. g5 0-0 28. Nf4 Rc8 29. Nfd5 Bc5 30. Kb3 Nf3 31. Rh5 Rc6 32. f6 g6 33. Rh1 Nxg5 34. Ne7+ Bxe7 35. fxe7 Re6 36. Nd5 Nxe4 37. Rc1 Nc5+ 38. Kc4 Kg7 39. Kb5 Re5 40. Kxb6 Nd7+ 41. Kxb7 Nf6 42. Rc7 Ne8 43. Rc5 h5 44. Kb6 Kf7 45. Rxa5 g5 46. Rc5 h4 47. gxh4 gxh4 48. Nf4 Re4 49. Nh3 Rxa4 50. Rf5+ 1/2-1/2

[Event "CRO-ch"]
[Site "Split"]
[Date "2022.12.07"]
[Round "9"]
[White "Stevic, Hrvoje"]
[Black "Kozul, Zdenko"]
[Result "1-0"]
[WhiteElo "2543"]
[BlackElo "2539"]
[PlyCount "101"]
[EventDate "2022.11.29"]
[EventType "tourn"]
[EventRounds "11"]
[EventCountry "CRO"]
[EventCategory "12"]
[SourceTitle "CBM 211 Extra"]
[Source "ChessBase"]
[SourceDate "2023.01.31"]
[SourceVersion "1"]
[SourceVersionDate "2023.01.31"]
[SourceQuality "1"]

1. e4 c5 2. c3 Nf6 3. e5 Nd5 4. Nf3 Nc6 5. Bc4 Nb6 6. Bb3 c4 7. Bc2 g6 8. Na3 Bg7 9. Qe2 0-0 10. 0-0 Re8 11. Re1 d5 12. exd6 Bg4 13. Nxc4 Bxf3 14. gxf3 Nxc4 15. Qxc4 Ne5 16. Qf4 exd6 17. Kg2 Qd7 18. d4 Nc4 19. Rxe8+ Rxe8 20. Bb3 d5 21. Bxc4 dxc4 22. Bd2 Qb5 23. Re1 Rxe1 24. Bxe1 Qxb2 25. Bd2 Bf8 26. d5 Qxa2 27. Be3 Qa6 28. Qb8 Qd6 29. Qxb7 a5 30. Qa8 a4 31. Bh6 a3 32. Kf1 f6 33. Bxf8 Qxf8 34. Qa6 Qc5 35. d6 Kg7 36. d7 Qd5 37. Qa7 Qf7 38. Kg2 g5 39. Qc7 a2 40. d8Q a1Q 41. Qxf7+ Kxf7 42. Qd5+ Kg7 43. Qxc4 Qa7 44. Qd5 Qc7 45. c4 h5 46. c5 Kf8 47. Qe6 Qxc5 48. Qxf6+ Ke8 49. Qg6+ Kd8 50. Qxh5 Qc1 51. Qh8+ 1-0

[Event "CRO-ch"]
[Site "Split"]
[Date "2022.12.05"]
[Round "7"]
[White "Saric, Ante"]
[Black "Kozul, Zdenko"]
[Result "1/2-1/2"]
[WhiteElo "2504"]
[BlackElo "2539"]
[PlyCount "20"]
[EventDate "2022.11.29"]
[EventType "tourn"]
[EventRounds "11"]
[EventCountry "CRO"]
[EventCategory "12"]
[SourceTitle "CBM 211 Extra"]
[Source "ChessBase"]
[SourceDate "2023.01.31"]
[SourceVersion "1"]
[SourceVersionDate "2023.01.31"]
[SourceQuality "1"]

1. d4 Nf6 2. c4 g6 3. Nc3 Bg7 4. g3 d5 5. cxd5 Nxd5 6. Bg2 Nxc3 7. bxc3 c5 8. Nf3 cxd4 9. cxd4 Nc6 10. 0-0 0-0 1/2-1/2

[Event "CRO-ch"]
[Site "Split"]
[Date "2022.12.03"]
[Round "5"]
[White "Kozul, Zdenko"]
[Black "Martinovic, Sasa"]
[Result "1/2-1/2"]
[WhiteElo "2539"]
[BlackElo "2557"]
[PlyCount "121"]
[EventDate "2022.11.29"]
[EventType "tourn"]
[EventRounds "11"]
[EventCountry "CRO"]
[EventCategory "12"]
[SourceTitle "CBM 211 Extra"]
[Source "ChessBase"]
[SourceDate "2023.01.31"]
[SourceVersion "1"]
[SourceVersionDate "2023.01.31"]
[SourceQuality "1"]

1. d4 d5 2. c4 c6 3. Nc3 Nf6 4. e3 Bf5 5. Qb3 Qb6 6. Qxb6 axb6 7. cxd5 Nxd5 8. Nxd5 cxd5 9. Ne2 Bd3 10. Nc3 Bxf1 11. Kxf1 e6 12. Ke2 Nc6 13. Bd2 h5 14. a3 Kd7 15. Kd3 Be7 16. f3 f5 17. h4 Bf6 18. Ne2 e5 19. Bc3 Rac8 20. dxe5 Nxe5+ 21. Bxe5 Bxe5 22. Nd4 Bxd4 23. exd4 Rhe8 24. Rae1 Kd6 25. a4 Ra8 26. b3 Rac8 27. Rhg1 g6 28. g3 Re6 29. Rxe6+ Kxe6 30. Re1+ Kd6 31. Kd2 Kd7 32. Re2 Kd6 33. Re5 Ra8 34. Ke3 b5 35. axb5 Ra5 36. Re8 Rxb5 37. Rg8 Rxb3+ 38. Kf4 b5 39. Rxg6+ Kc7 40. Rg5 b4 41. Rxf5 Kc6 42. Rxh5 Rd3 43. Rh8 Kc7 44. Ra8 Rxd4+ 45. Ke3 Rd1 46. Ra2 Kd6 47. g4 Kc5 48. Rc2+ Kb5 49. Rh2 b3 50. h5 d4+ 51. Kf4 d3 52. h6 Kc4 53. h7 b2 54. Rxb2 Rh1 55. g5 Rxh7 56. g6 Rd7 57. Rg2 d2 58. Rxd2 Rxd2 59. Ke5 Rg2 60. Kf6 Rf2 61. g7 1/2-1/2

[Event "Bundesliga 2223"]
[Site "Germany"]
[Date "2022.11.26"]
[Round "3.7"]
[White "Fedorchuk, Sergey A"]
[Black "Kozul, Zdenko"]
[Result "1/2-1/2"]
[WhiteElo "2619"]
[BlackElo "2549"]
[PlyCount "84"]
[EventDate "2022.10.21"]
[EventType "team-tourn"]
[EventRounds "15"]
[EventCountry "GER"]
[SourceTitle "CBM 211"]
[Source "ChessBase"]
[SourceDate "2022.12.31"]
[SourceVersion "1"]
[SourceVersionDate "2022.12.31"]
[SourceQuality "1"]
[WhiteTeam "Viernheim"]
[BlackTeam "Deizisau"]
[WhiteTeamCountry "GER"]
[BlackTeamCountry "GER"]

1. e4 c5 2. Nf3 d6 3. d4 cxd4 4. Nxd4 Nf6 5. Nc3 Nc6 6. Bg5 e6 7. Qd2 a6 8. 0-0-0 Bd7 9. Kb1 Be7 10. Nxc6 Bxc6 11. f3 Rc8 12. h4 d5 13. Qe1 h6 14. Bxf6 Bxf6 15. exd5 Bxc3 16. Qxc3 0-0 17. Qe1 exd5 18. Qe5 Qc7 19. Qxc7 Rxc7 20. Bd3 Re8 21. b3 Kf8 22. Kb2 Re6 23. a4 a5 24. Rd2 Rf6 25. Re2 Rf4 26. Kc1 Re7 27. Kd2 Rxe2+ 28. Kxe2 Ke7 29. Ke3 Rb4 30. g3 Kd6 31. Re1 Bd7 32. f4 h5 33. Kd2 g6 34. Re5 f6 35. Re1 f5 36. Kc3 Bc6 37. Re5 Bd7 38. Kd2 Bc6 39. Re1 Bd7 40. Kc3 Bc6 41. Re2 Bd7 42. Re1 Bc6 1/2-1/2

[Event "SLO-chT 32nd"]
[Site "Ljubljana"]
[Date "2022.10.29"]
[Round "8.4"]
[White "Trbojevic, Mladen"]
[Black "Kozul, Zdenko"]
[Result "0-1"]
[WhiteElo "2332"]
[BlackElo "2549"]
[PlyCount "72"]
[EventDate "2022.09.02"]
[EventType "team-tourn"]
[EventRounds "9"]
[EventCountry "SLO"]
[SourceTitle "EXT 2024"]
[Source "ChessBase"]
[SourceDate "2023.10.10"]
[SourceVersion "1"]
[SourceVersionDate "2023.10.10"]
[SourceQuality "1"]
[WhiteTeam "Maribor Branik"]
[BlackTeam "Maribor ZSK"]
[WhiteTeamCountry "SLO"]
[BlackTeamCountry "SVK"]

1. d4 Nf6 2. Nf3 g6 3. Bg5 Bg7 4. Nbd2 0-0 5. c3 d6 6. e4 c5 7. dxc5 dxc5 8. Bc4 Nc6 9. Qe2 Qc7 10. e5 Nh5 11. 0-0-0 h6 12. Be3 Nxe5 13. Nxe5 Qxe5 14. g4 Nf4 15. Qf3 Ne6 16. Qg3 Qxg3 17. hxg3 g5 18. f4 b6 19. Bd5 Rb8 20. Rhe1 Rd8 21. Bf3 Ba6 22. Ne4 Bd3 23. Nf2 Bc4 24. b3 Ba6 25. Kc2 c4 26. b4 Bb5 27. Rxd8+ Rxd8 28. Bd2 Kf8 29. Ne4 Bc6 30. fxg5 hxg5 31. Nxg5 Ba4+ 32. Kc1 Nxg5 33. Bxg5 Rd3 34. Bxe7+ Kg8 35. Be4 Rxc3+ 36. Kb1 Rxg3 0-1

[Event "Bundesliga 2223"]
[Site "Germany"]
[Date "2022.10.23"]
[Round "2.4"]
[White "Kaasen, Tor Fredrik"]
[Black "Kozul, Zdenko"]
[Result "0-1"]
[WhiteElo "2445"]
[BlackElo "2549"]
[PlyCount "116"]
[EventDate "2022.10.21"]
[EventType "team-tourn"]
[EventRounds "15"]
[EventCountry "GER"]
[SourceTitle "CBM 211"]
[Source "ChessBase"]
[SourceDate "2022.12.31"]
[SourceVersion "1"]
[SourceVersionDate "2022.12.31"]
[SourceQuality "1"]
[WhiteTeam "Berlin SF"]
[BlackTeam "Deizisau"]
[WhiteTeamCountry "GER"]
[BlackTeamCountry "GER"]

1. e4 c5 2. Nf3 d6 3. d4 cxd4 4. Nxd4 Nf6 5. Nc3 Nc6 6. Bg5 e6 7. Qd2 a6 8. 0-0-0 Bd7 9. Kb1 Rc8 10. Nxc6 Bxc6 11. f3 Be7 12. h4 h6 13. Be3 h5 14. Bg5 b5 15. Ne2 Qc7 16. Nd4 Bd7 17. Rc1 0-0 18. Bd3 e5 19. Ne2 Be6 20. f4 Bg4 21. c4 Qb7 22. Qe3 b4 23. Ng3 Rfe8 24. f5 a5 25. Be2 Bxe2 26. Qxe2 g6 27. Qf3 Ng4 28. Rhd1 Bf8 29. Nf1 a4 30. Rd5 Qa6 31. Nd2 Qa7 32. Nf1 Qa6 33. Qd3 gxf5 34. exf5 f6 35. Bd2 e4 36. Qd4 Ne5 37. Rb5 Kh7 38. Qxe4 Nxc4 39. Qb7+ Qxb7 40. Rxb7+ Kg8 41. Rxb4 Re4 42. Rb5 Rxh4 43. Bc3 Bh6 44. Re1 Rh1 45. Rd1 Rg1 46. g3 Na3+ 47. bxa3 Rxc3 48. Rb8+ Bf8 49. Kb2 Rf3 50. Nd2 Rg2 51. Kc1 Rc3+ 52. Kb1 Rd3 53. Kc1 d5 54. Re1 Kg7 55. Nb1 Bc5 56. Rb2 Be3+ 57. Rxe3 Rg1+ 58. Kc2 Rxe3 0-1